| 000 | 00472nam a2200193Ia 4500 | ||
|---|---|---|---|
| 008 | 170203s9999 xx 000 0 und d | ||
| 020 | _a0-439173051 | ||
| 050 | _aFic | ||
| 050 | _b.D746m 2000 | ||
| 100 | _aDower, Laura | ||
| 245 | 4 | _aThe PowerPuff Girls / | |
| 245 | _c Laura Dower. | ||
| 260 | _aNew York : | ||
| 260 | _bScholastic Inc., | ||
| 260 | _c2000 | ||
| 300 | _a32 pages ; | ||
| 300 | _bcol. ill. ; | ||
| 440 | _aTales of a Very Mischievous Monkey | ||
| 999 |
_c306050 _d306050 |
||